00195nam a2200073Ia 4500082001200000245002000012100004800032008004100080 aAF KAPP 0aDie verhuising  a KAPP, Sophia Pretoria, 2010 1ste uitg 210817s9999 xx 000 0 und d